| 000 | 03203nam a22003257a 4500 | ||
|---|---|---|---|
| 001 | TZ 0052 | ||
| 003 | gtcocun | ||
| 005 | 20251014214820.0 | ||
| 006 | a||||gr|||| 00| 0 | ||
| 007 | ta | ||
| 008 | 251014b2016 gt ||||| m||| 00| 0 eng d | ||
| 040 |
_agtcocun _bSPA _cgtcocun _eRDA |
||
| 041 | _aSPA TZ 0052 | ||
| 084 | _0TZ 0052 | ||
| 100 |
_aWinter Martínez, Helmuth Alfonso _eAutor |
||
| 245 |
_aEVALUACIÓN DEL DESARROLLO DEL CARACOL DE AGUA DULCE (Pomacea sp) BAJO TRES TIPOS DE DENSIDADES POBLACIONALES EN UN AMBIENTE CONTROLADO, EN EL MUNICIPIO DE COBÁN, ALTA VERAPAZ./ _cHelmuth Alfonso Winter Martínez. _hImpreso |
||
| 264 |
_aCobán, Alta Verapaz: _bUniversidad de San Carlos de Guatemala, Centro Universitario del Norte, Zootecnia _c2016 |
||
| 300 |
_a37 p.: _bIlustraciones, gráficas. _c28 cm; |
||
| 336 |
_2rdacontenido _aTexto _btxt |
||
| 337 |
_2rdamedio _aComputadora _bn |
||
| 338 |
_2rdasoporte _aCódigo en línea _bcr |
||
| 502 | _eTZ 0052 | ||
| 502 |
_aTesis de grado _bZootecnia, _cUniversidad de San Carlos de Guatemala, Centro Universitario del Norte, Zootecnia _d2016 _oTZ 0052 |
||
| 520 | 1 | 4 | _aEl presente trabajo de investigación tuvo como objetivo principal evaluar el desarrollo del caracol de agua dulce (Pomacea sp) bajo tres densidades poblacionales, en el municipio de Cobán, Alta Verapaz, ya que este departamento reúne condiciones climáticas y diversidad de recursos, que hace se destaque como una región con potencial para el cultivo de esta especie. La fase pre experimental de esta investigación consistió en la preparación de las instalaciones, acuarios, selección de los caracoles a nivel de campo y la adaptación de los mismos a las condiciones de estudio. Seguidamente la fase experimental que dio inicio con el diseño del experimento, planteamiento del modelo estadístico, esto para posterior análisis de cada variable en estudio entre las cuales se pueden mencionar la determinación del peso vivo, conversión alimenticia, diámetro del peristoma y la estimación de costos directos e indirectos que conllevó la producción de caracoles de agua dulce (Pomacea sp) en condiciones experimentales, dicha fase tuvo una duración de 90 días. Posteriormente la fase de análisis e interpretación de los resultados los que demostraron que no existe diferencia significativa para el consumo de alimento y la ganancia de peso. El costo de producción por kilogramo de peso vivo fue de Q.58.50. Q.40.50 y Q.31.50 para los tratamientos 1, 2 y 3 respectivamente. Entre la importancia de este estudio esta que esta especie es promisoria para la región principalmente en el tema de fortalecimiento a la seguridad alimentaria, aunado a esto que también reúne bondades tales como el fácil manejo. |
| 650 | 1 | 4 |
_2LEMB _aCobán, Alta Verapaz. _xZootecnia _xProducción de caracoles _xConversión alimenticia _xDiversidad de recursos _xDesarrollo _xFortalecimiento |
| 700 |
_aLic. Zoot. Mauricio Arturo Quiroa Roldan _eAsesor |
||
| 856 |
_uhttps://drive.google.com/file/d/1i9xn6_HyYmvK8QMdELhPRgX8WqErakEB/view _yPDF _zUn ejemplar en línea. |
||
| 942 |
_2ddc _cTES _iTZ 0052 _kClasificación _n0 _6TZ_0052_000000000000000 |
||
| 999 |
_c2347 _d2347 |
||